medial compartment - thigh - Statistics

General Stats
  • This quiz has been taken 10 times
  • The average score is 4 of 11
Answer Stats
Picture Answer % Correct
adductor longus
75%
adductor magnus
75%
adductor brevis
50%
adductor hiatus
50%
gracilis
50%
adductor canal
25%
obturator externus
25%
pectinius
0%
pes anserinus
0%
sartorius attachment
0%
semitendinosus attachment
0%
No matching quizzes found
Score Distribution
Percent of People with Each Score
Percentile by Number Answered
Your Score History
You have not taken this quiz